|
|
|
|
| LEADER |
01473aam a22003858a 4500 |
| 001 |
00034347 |
| 005 |
20171026081025.0 |
| 008 |
160721s2016 ||||||viesd |
| 020 |
# |
# |
|c 62000
|a 9786040089991
|
| 041 |
0 |
# |
|a vie
|
| 082 |
1 |
4 |
|a 373.1
|b T450CH
|
| 245 |
1 |
0 |
|c Nguyễn Thị Liên (ch.b.), Nguyễn Thị Hằng, Tưởng Duy Hải, Đào Thị Ngọc Minh
|a Tổ chức hoạt động trải nghiệm sáng tạo trong nhà trường phổ thông
|
| 260 |
# |
# |
|a Hà Nội
|b Giáo Dục
|c 2016
|
| 300 |
# |
# |
|a 190 tr.
|c 24 cm.
|b minh họa
|
| 504 |
# |
# |
|a Thư mục: tr. 187-190
|
| 653 |
# |
# |
|a Con người
|
| 653 |
# |
# |
|a Giáo dục
|
| 653 |
# |
# |
|a Trường phổ thông
|
| 653 |
# |
# |
|a Sáng tạo
|
| 653 |
# |
# |
|a Phát triển
|
| 653 |
# |
# |
|a Hoạt động trải nghiệm
|
| 700 |
1 |
# |
|a Nguyễn, Thị Hằng
|
| 700 |
1 |
# |
|a Nguyễn, Thị Liên
|e Chủ biên
|
| 700 |
1 |
# |
|a Tưởng, Duy Hải
|
| 700 |
1 |
# |
|a Đào, Thị Ngọc Minh
|
| 852 |
# |
# |
|j KM.0019168
|j KM.0019169
|j KM.0018428
|j KM.0018429
|j KM.0018446
|j KM.0018441
|j KM.0018440
|j KD.0018553
|j KM.0019167
|
| 852 |
# |
# |
|b Kho đọc
|j KD.0018553
|
| 852 |
# |
# |
|b Kho mượn
|j KM.0018428, KM.0018429, KM.0018441, KM.0018440, KM.0018446, KM.0019167, KM.0019168, KM.0019169
|
| 910 |
|
|
|d 21/07/2016
|
| 980 |
# |
# |
|a Trung tâm Học liệu Lê Vũ Hùng, Trường Đại học Đồng Tháp
|